Trung tâm khuếch trương kỹ nghệ [ của Việt Nam Cộng Hòa ]
Enregistré dans:
| Auteur principal: | |
|---|---|
| Format: | Livre |
| Langue: | Undetermined |
| Publié: |
Sài Gòn
Học viện Quốc Gia Hành Chánh
1971
|
| Sujets: | |
| Tags: |
Ajouter un tag
Pas de tags, Soyez le premier à ajouter un tag!
|
| Thư viện lưu trữ: | Trung tâm Học liệu Trường Đại học Cần Thơ |
|---|
| LEADER | 00639nam a2200169Ia 4500 | ||
|---|---|---|---|
| 001 | CTU_26467 | ||
| 008 | 210402s9999 xx 000 0 und d | ||
| 082 | |b D307 | ||
| 100 | |a Trang Ngọc Diệp | ||
| 245 | 0 | |a Trung tâm khuếch trương kỹ nghệ [ của Việt Nam Cộng Hòa ] | |
| 245 | 0 | |c Trang Ngọc Diệp | |
| 260 | |a Sài Gòn | ||
| 260 | |b Học viện Quốc Gia Hành Chánh | ||
| 260 | |c 1971 | ||
| 650 | |a economic development,enterprise zones,industrialization - vietnam,microeconomics | ||
| 904 | |i Nguyễn Quang Điền, 981013 | ||
| 980 | |a Trung tâm Học liệu Trường Đại học Cần Thơ | ||